[Event "Wch U16"]
[Site "Montevideo"]
[Date "2017.09.24"]
[Round "9"]
[White "Hemmat, Alexander"]
[Black "Romero Guimaray, Diego"]
[Result "0-1"]
[WhiteElo "1728"]
[BlackElo "1940"]
[PlyCount "107"]
[EventDate "2017.09.17"]
[EventType "swiss"]
[EventRounds "11"]
[EventCountry "URU"]
[SourceTitle "CBM 180 Extra"]
[Source "ChessBase"]
[SourceDate "2017.10.06"]
[SourceVersion "1"]
[SourceVersionDate "2017.10.06"]
[SourceQuality "1"]

1. d4 g6 2. Nf3 Bg7 3. c4 c5 4. d5 f5 5. Nc3 Nf6 6. g3 0-0 7. Bg2 d6 8. 0-0 Na6 9. Re1 Nc7 10. e4 fxe4 11. Ng5 Bg4 12. Qb3 Qd7 13. Qxb7 Rab8 14. Qc6 Qd8 15. Bh3 Rb6 16. Qa4 Rb4 17. Qc2 Bxh3 18. Nxh3 Rxc4 19. Qe2 Rb4 20. a3 Rb7 21. Ng5 Qd7 22. Ngxe4 Nfxd5 23. Qc4 e6 24. Ng5 Bd4 25. Re2 Nxc3 26. bxc3 d5 27. Qd3 Bf6 28. Ne4 Qb5 29. Qxb5 Nxb5 30. Nxf6+ Rxf6 31. Rb2 Rff7 32. Rab1 Nd6 33. Rxb7 Rxb7 34. Rxb7 Nxb7 35. Be3 e5 36. Kf1 d4 37. Bc1 c4 38. f4 exf4 39. cxd4 fxg3 40. hxg3 Kf7 41. Ke2 Ke6 42. Be3 Kd5 43. Bf4 Nd6 44. Be5 Nf5 45. Bf4 Nxd4+ 46. Kd2 a5 47. Bb8 h5 48. a4 g5 49. Kc3 h4 50. gxh4 gxh4 51. Ba7 h3 52. Bb8 Nf3 53. Bf4 h2 54. Bxh2 0-1

[Event "Wch U16"]
[Site "Montevideo"]
[Date "2017.09.17"]
[Round "1"]
[White "Orfini, Nicolo"]
[Black "Hemmat, Alexander"]
[Result "1-0"]
[WhiteElo "2222"]
[BlackElo "1728"]
[PlyCount "91"]
[EventDate "2017.09.17"]
[EventType "swiss"]
[EventRounds "11"]
[EventCountry "URU"]
[SourceTitle "CBM 180 Extra"]
[Source "ChessBase"]
[SourceDate "2017.10.06"]
[SourceVersion "1"]
[SourceVersionDate "2017.10.06"]
[SourceQuality "1"]

1. e4 c5 2. c3 d5 3. exd5 Qxd5 4. d4 Nc6 5. Nf3 Bf5 6. Be3 Nf6 7. Na3 cxd4 8. Nb5 0-0-0 9. Nbxd4 Ng4 10. Bd2 Nge5 11. Nxe5 Qxe5+ 12. Be3 Qe4 13. Qf3 Qxf3 14. Nxf3 f6 15. Bb5 e5 16. Bxc6 bxc6 17. Bxa7 Kc7 18. Be3 Be7 19. 0-0 Ra8 20. Rfd1 Rhb8 21. Rd2 Be6 22. a3 Rb3 23. Ne1 c5 24. Nd3 Kc6 25. Nc1 Rbb8 26. Nd3 c4 27. Nc1 Rd8 28. Rxd8 Rxd8 29. Na2 Rb8 30. Nb4+ Bxb4 31. axb4 Rd8 32. f3 Bc8 33. Kf2 Bb7 34. Ke2 Rd5 35. h4 g6 36. Rb1 Rd8 37. h5 g5 38. Bc5 Re8 39. Rd1 Re6 40. Rd8 e4 41. Kf2 exf3 42. gxf3 f5 43. Rf8 f4 44. Rf7 Bc8 45. Bf8 Bd7 46. Rxh7 1-0

[Event "Toronto NAYCC U12"]
[Site "Toronto"]
[Date "2013.08.18"]
[Round "9"]
[White "Xiao, Kevin"]
[Black "Hemmat, Alexander"]
[Result "0-1"]
[WhiteElo "1247"]
[BlackElo "1688"]
[PlyCount "76"]
[EventDate "2013.08.14"]
[EventType "swiss"]
[EventRounds "9"]
[EventCountry "CAN"]
[SourceTitle "EXT 2022"]
[Source "ChessBase"]
[SourceDate "2021.10.06"]
[SourceVersion "1"]
[SourceVersionDate "2021.10.06"]
[SourceQuality "1"]

1. e4 c5 2. Nf3 d6 3. d4 cxd4 4. Nxd4 Nf6 5. Nc3 g6 6. Be3 Bg7 7. f3 Nc6 8. Qd2 Bd7 9. 0-0-0 0-0 10. Bc4 Rc8 11. Bb3 Ne5 12. h4 h5 13. Bh6 Rc5 14. Rdg1 Qc8 15. Bxg7 Kxg7 16. Kb1 Rh8 17. Qd1 Rxc3 18. bxc3 Qxc3 19. Rh3 Bxh3 20. gxh3 e6 21. Nb5 Qxf3 22. Qxf3 Nxf3 23. Rd1 Nxe4 24. Rd3 Nxh4 25. Nxd6 Nf2 26. Rc3 Rd8 27. Nxb7 Rd1+ 28. Kb2 Rh1 29. Rc7 Nxh3 30. Bxe6 Ng5 31. Bb3 Rf1 32. Nc5 Rf6 33. Rxa7 Nf5 34. a4 h4 35. Rd7 h3 36. Rd1 Ng3 37. Rd2 Nf1 38. Rd1 h2 0-1